000
00397nam a2200145Ia 4500
008
100122s9999 xx 000 0 und d
082
_b
53440
_a
823
100
_a
दळवी श्रीकांत
245
_a
जीवनमरण
260
_b
संपदा दळवी
_c
1997
300
_a
676
630
_a
जीवनमरण
730
_a
जीवनमरण
942
_c
BOOK
999
_c
430453
_d
430450